000 00861nac a22002537a 4500
001 BR8005342
003 BR-BrBNA
005 20240105114759.0
008 230509b bl.|||m| |||| 00| 0 por d
040 _aBR-BrBNA
_bpor
_cBiblioteca Nacional de Agricultura
072 _aQ10
090 _a9800 BR8005342
110 1 _aEmpresa de Assistencia Tecnica e Extensao Rural do Estado do Amazonas, Manaus (Brasil)
_94036
245 1 _aComo conservar o peixe
260 3 _aManaus, AM (Brasil):
_c1980.
300 _a16 p.
490 _aCartilha do Pescador - Empresa de Assistencia Tecnica e Extensao Rural do Estado do Amazonas (Brazil)
_vno. 2
_x
650 _aPEIXE
650 _aHIGIENE DE ALIMENTO
650 _aARMAZENAMENTO DE ALIMENTO
650 _aPRESERVACAO DE ALIMENTO
909 _a202312
_bLúcia Elande
_c55
_dLúcia Elande
942 _2AGRIS
_n0
_cMS
999 _c271254
_d271254